000 00758nam a2200181 i 4500
001 188230
003 ES-MaACL
005 20230906223140.0
008 180626s1947 sp g |||| | spa d
245 0 0 _aMisal romano latino-español
_b: con todas las Misas propias de España y los nuevos Santos intercalados en su día ; precedido de un breve Devocionario /
_cpor el Rdo. P. Baltasar del Castillo.
250 _a3ª ed.
260 _aBarcelona :
_bJosé Vilamala,
_c1947.
300 _a1224 p. :
_bmús. ;
_c17 cm.
500 _aApéndices.
650 4 _aMisales.
_9137840
700 1 _aCastillo, Baltasar del.
_936676
852 _aES-MaACL
_jL-32090
_z- Enc. guaflex con cantos dorados
_z. - Donat. herederos de la bibl. de Mª del Pilar Costa Palacín
999 _c188230
_d188230